Operational Risk in Both Conventional and Islamic Banking Perceptions: Differences and Similarities
Vnímanie operačného rizika v konvenčných aj islamských bankách s cieľom stanoviť základné podobnosti a rozdiely v tomto riziku v rámci každého systému. Správna taktiku riadenia rizík.
Na minha lista:
| Autor principal: | |
|---|---|
| Outros Autores: | |
| Formato: | Capítulo de Livro |
| Idioma: | inglês |
| Assuntos: | |
| Tags: |
Sem tags, seja o primeiro a adicionar uma tag!
|
MARC
| LEADER | 00000nla a2200000 4500 | ||
|---|---|---|---|
| 001 | 0246304 | ||
| 005 | 20220803170637.3 | ||
| 041 | 0 | |a eng | |
| 044 | |a MK | ||
| 245 | 1 | 0 | |a Operational Risk in Both Conventional and Islamic Banking Perceptions: Differences and Similarities |c Salma Rhanoui, Khalid Belkhoutout |
| 520 | |a Vnímanie operačného rizika v konvenčných aj islamských bankách s cieľom stanoviť základné podobnosti a rozdiely v tomto riziku v rámci každého systému. Správna taktiku riadenia rizík. | ||
| 610 | 2 | 0 | |a banky |
| 610 | 2 | 0 | |a riadenie rizík |
| 610 | 2 | 0 | |a riziko operačné |
| 610 | 2 | 0 | |a banky zahraničné |
| 610 | 2 | 0 | |a islam |
| 100 | 1 | |a Rhanoui, Salma | |
| 700 | 1 | |a Belkhoutout, Khalid | |